| 000 | 00986cam a22003135a 4500 | ||
|---|---|---|---|
| 999 |
_c1460 _d1460 |
||
| 003 | EG-ScBUE | ||
| 005 | 20191221093041.0 | ||
| 008 | 150803s2003 enka f 000 0 eng d | ||
| 020 | _a0333974565 | ||
| 020 | _a9780333974565 | ||
| 020 | _a033397459X | ||
| 020 | _a9780333974599 | ||
| 040 |
_aEG-ScBUE _beng _erda _cEG-ScBUE _dEG-ScBUE |
||
| 082 | 0 | 4 |
_a428.64 _bCRA _222 |
| 100 | 1 |
_aCraven, Miles, _eauthor. |
|
| 245 | 1 | 0 |
_aReading keys / _cMiles Craven. |
| 264 | 1 |
_aOxford : _bMacmillan Education, _c2003. |
|
| 300 |
_a2 volumes : _billustrations ; _c28 cm |
||
| 336 |
_2rdacontent _atext _btxt |
||
| 337 |
_2rdamedia _aunmediated _bn |
||
| 338 |
_2rdacarrier _avolume _bnc |
||
| 505 | 0 | _aIntroducing -- Developing. | |
| 590 | _arana | ||
| 650 | 7 |
_aEnglish language _vTextbooks for foreign speakers. _2BUEsh |
|
| 650 | 7 |
_aReading _vTextbooks for foreign speakers. _2BUEsh |
|
| 653 |
_bHHUUEENN _cJuly2019 |
||
| 655 | _vReading book | ||
| 942 |
_2ddc _k428.86 CRA _cBB |
||